| 000 | 01184cam a2200289u 4500 | ||
|---|---|---|---|
| 001 | unk84228705 | ||
| 003 | DLC | ||
| 005 | 20260227112802.0 | ||
| 008 | 850227s1868 fr 000 0 fre | ||
| 010 | _aunk84228705 | ||
| 040 |
_aDLC _cCarP _dDLC |
||
| 041 | 1 |
_afre _hheb |
|
| 043 | _af-ae--- | ||
| 050 | 0 | 0 |
_aBM520.88 _b.A56 1868 |
| 100 | 1 |
_aKaro, Joseph ben Ephraim, _d1488-1575. |
|
| 240 | 1 | 0 |
_aEven ha-ʻezer. _kSelections. _lFrench |
| 245 | 1 | 0 |
_aCode rabbinque. _bEben Haezer, traduit par extraits, avec les explications des docteurs juifs, la jurisprudence de la cour d'Alger et des notes comparatives de droit français et de droit musulman, _cpar E. Sautayra, et M. Charleville. |
| 260 |
_aParis, _aChallamel, [etc.] _c1868. |
||
| 300 |
_a2 v. in 1. _c24 cm. |
||
| 530 | _aAlso available in digital form on the Internet Archive Web site. | ||
| 600 | 1 | 0 |
_aKaro, Joseph ben Ephraim, _d1488-1575. _tEven ha-ʻezer. |
| 650 | 0 | _aDomestic relations (Jewish law) | |
| 650 | 0 |
_aJews _xLegal status, laws, etc. _zAlgeria _xHistory _y19th century. |
|
| 700 | 1 | _aSautayra, E. | |
| 700 | 1 |
_aCharleville, Mahir, _d1814-1888. |
|
| 856 | 4 | 1 | _uhttp://hdl.loc.gov/loc.gdc/scd0001.00117672062 |
| 999 |
_c91597 _d91597 |
||